000 00281nam a22001097a 4500
008 160506b xxu||||| |||| 00| 0 eng d
020 _a0721618731
041 _aeng
080 _a61
245 _aTwo centuries of american medice:
_cJames Bordley; A. Megehee Harvey;
942 _2udc
_cBK
999 _c1847
_d1847